000 00218 a2200097 4500
001 46764
100 _aJackson R
245 _aAir heroes of world war II
260 _aLondon
_bArthur barker
_c
090 _c29858
_d29858
942 _aNUST-CAE
_cM
_c22066
999 _c281837
_d281837